Cani sciolti /

I tiakina i:
Ngā taipitopito rārangi puna kōrero
Kaituhi matua: Paris, Renzo
Ētahi atu kaituhi: Di Consoli, Andrea, (1976- ), Moravia, Alberto
Hōputu: Pukapuka
Reo:Itāriana
I whakaputaina: Roma : Elliot, 2016
Rangatū:Scatti
Ngā Tūtohu: Tāpirihia he Tūtohu
Kāore He Tūtohu, Me noho koe te mea tuatahi ki te tūtohu i tēnei pūkete!

MARC

LEADER 00000nam a22000007i 4500
001 IT\ICCU\CAG\2062314
003 ItRI
005 20250724180324.0
008 161114s2016 it |||||| ||||| |||||c
020 |a 9788869931918 
040 |b ita  |c Arcigay Viterbo 
041 7 |a ita  |2 ISO-639-2 
100 1 |a Paris, Renzo  |0 IT\ICCU\CFIV\002448 
245 1 0 |a Cani sciolti /  |c Renzo Paris ; con due contributi di Alberto Moravia e Andrea Di Consoli. 
260 |a Roma :  |b Elliot,  |c 2016 
300 |a 122 p. ;  |c 21 cm. 
700 1 |a Di Consoli, Andrea,  |d  (1976- )  |0 IT\ICCU\BVEV\071882 
700 1 |a Moravia, Alberto  |0 IT\ICCU\CFIV\000648 
830 0 |a Scatti  |0 IT\ICCU\MOD\1399300 
942 |2 ddc  |c BK  |n 0 
952 |0 0  |1 0  |2 ddc  |4 0  |6 853_914000000000000_PAR_CAN  |7 0  |9 9331  |a VT  |b VT  |d 2025-07-24  |e Donazione Maurizio Gregorini  |i B54  |l 0  |o 853.914 PAR CAN  |p B54  |r 2025-07-24 18:04:38  |w 2025-07-24  |y BK  |z Donazione Maurizio Gregorini 
981 1 |6 z01  |a i   |b xxxe  
982 1 |6 z01  |a n 
999 |c 7795  |d 7795